000 00467cam a2200181ua 4500
001 3679
008 120217n ii |||gr||||Z||||||asm
040 _cMAIN
082 _a891.2
100 _aGoswami, Haramohan Dev,
_eAuthor.
245 1 1 _aSanskrit sahityar buranji
_cby Haramohan dev Goswami
250 _a2nd.
260 _aGuwahati:
_bBook Land,988.
300 _a339p:
_c23cm.
653 _aAssamese buranji
653 _aSanskrit sahityar buranji
942 _cBK
999 _c3508
_d3508